| 000 | 00417nam a2200181Ia 4500 | ||
|---|---|---|---|
| 008 | 240515s2024 xx 000 0 und d | ||
| 041 | _aeng | ||
| 082 | _a615.1/HAJ | ||
| 100 | _aDr. Ashok A. Hajare | ||
| 245 | _aA Practical Book of Pharmaceutics-I | ||
| 250 | _a9th | ||
| 260 |
_bNirali Prakashan _c2024 |
||
| 300 | _a10p | ||
| 365 | _cRS | ||
| 500 | _aB.Pharm | ||
| 520 | _aBV | ||
| 650 | _aPharmaceutics | ||
| 999 |
_c1164763 _d1164763 |
||